<?xml version="1.0" encoding="UTF-8"?>
<record
    xmlns:xsi="http://www.w3.org/2001/XMLSchema-instance"
    xsi:schemaLocation="http://www.loc.gov/MARC21/slim http://www.loc.gov/standards/marcxml/schema/MARC21slim.xsd"
    xmlns="http://www.loc.gov/MARC21/slim">

  <leader>03464nam a2200337 a 4500</leader>
  <controlfield tag="003">OSt</controlfield>
  <controlfield tag="005">20251003105517.0</controlfield>
  <controlfield tag="007">cr ||||||a|a|a</controlfield>
  <controlfield tag="008">250908s2025    mx a|||fom||| 001 0 spa d</controlfield>
  <datafield tag="040" ind1=" " ind2=" ">
    <subfield code="e">rda</subfield>
  </datafield>
  <datafield tag="100" ind1="1" ind2=" ">
    <subfield code="a">Guti&#xE9;rrez Dealmonte, Estefania</subfield>
    <subfield code="9">191024</subfield>
  </datafield>
  <datafield tag="245" ind1="1" ind2="0">
    <subfield code="a">Efecto del tipo de cama en par&#xE1;metro productivos de pavos de engorda (Meleagris gallopavo Linn ) Linea Nicholson 700 /</subfield>
    <subfield code="c">por Estefania Gutierrez Dealmonte; director de tesis Elvia L&#xF3;pez P&#xE9;rez; secretario Jorge Antonio G&#xF3;nzalez Santos; vocal Baldomero Alarc&#xF3;n Zu&#xF1;iga; suplente Sergio Ra&#xFA;l Vel&#xE1;zquez Rodr&#xED;guez; suplente Agust&#xED;n Ruiz Flores</subfield>
  </datafield>
  <datafield tag="264" ind1=" " ind2="1">
    <subfield code="a">Chapingo, M&#xE9;xico :</subfield>
    <subfield code="b">El autor,</subfield>
    <subfield code="c">2025.</subfield>
  </datafield>
  <datafield tag="300" ind1=" " ind2=" ">
    <subfield code="a">1 recurso en l&#xED;nea ( p&#xE1;ginas):</subfield>
    <subfield code="b">cuadros, figuras.</subfield>
  </datafield>
  <datafield tag="336" ind1=" " ind2=" ">
    <subfield code="2">rdacontent</subfield>
    <subfield code="a">texto</subfield>
    <subfield code="b">txt</subfield>
  </datafield>
  <datafield tag="337" ind1=" " ind2=" ">
    <subfield code="2">rdamedia</subfield>
    <subfield code="a">computadora</subfield>
    <subfield code="b">c</subfield>
  </datafield>
  <datafield tag="338" ind1=" " ind2=" ">
    <subfield code="2">rdacarrier</subfield>
    <subfield code="a">recurso en l&#xED;nea</subfield>
    <subfield code="b">cr</subfield>
  </datafield>
  <datafield tag="502" ind1=" " ind2=" ">
    <subfield code="b">IAEZ</subfield>
    <subfield code="c">Zootecn&#xED;a</subfield>
    <subfield code="d">2025.</subfield>
    <subfield code="g">LIC</subfield>
  </datafield>
  <datafield tag="504" ind1=" " ind2=" ">
    <subfield code="a">Incluye referencias bibliogr&#xE1;ficas: p&#xE1;ginas 56-61.</subfield>
  </datafield>
  <datafield tag="520" ind1=" " ind2=" ">
    <subfield code="a">En el estudio se evalu&#xF3; el efecto del tipo de cama en par&#xE1;metros productivos en pavas de engorda de la l&#xED;nea Nicholson 700. El trabajo se realiz&#xF3; en el m&#xF3;dulo de aves de la granja experimental del Departamento de Zootecnia de la Universidad Aut&#xF3;noma Chapingo, ubicada en el municipio de Texcoco, Estado de M&#xE9;xico. Para ello se utilizaron 30 pavitas de la l&#xED;nea Nicholson 700, de 7 a 14 semanas de edad. A su llegada las pavas se dividieron en dos grupos de 15 cada uno, posteriormente se pesaron y se les coloc&#xF3; una pulsera en la pata con un n&#xFA;mero para identificarlas, por lo que cada pava correspondi&#xF3; a una repetici&#xF3;n y cada una de &#xE9;stas a una unidad experimental. Cada grupo de animales fue sometido a uno de dos tratamientos, el tratamiento 1 (T1) consisti&#xF3; en colocar viruta de madera como cama (CAV) y el Tratamiento 2 (T2) consisti&#xF3; en colocar una cama de esti&#xE9;rcol de borrego (CAEB), en ambos tratamientos se utiliz&#xF3; alimento comercial especial para pavos de la empresa Tepexpan. Se midi&#xF3; la ganancia de peso semanal y el rendimiento de la canal. Los datos se analizaron mediante el programa estad&#xED;stico SAS (2020) a trav&#xE9;s de un ANOVA. El peso promedio inicial, a la 7ma semana de edad fue de 3.57 kg y a la semana 14 fue de 8.39 kg para las pavas con cama de viruta, con un error est&#xE1;ndar de 0.165 y 8.49 kg para pavas con cama de esti&#xE9;rcol de borrego con un error est&#xE1;ndar de 0.286, donde (p&gt;0.05), mostrando que no hay diferencias significativas entre tratamientos. La mortalidad total acumulada fue del 3.3% (la muerte se registr&#xF3; en el tratamiento CAEB, pero no se le puede atribuir al tratamiento) y el rendimiento a la canal de 81.06% del peso vivo en viruta y 81.15% del peso vivo en esti&#xE9;rcol de borrego. Con base en lo anterior, se concluye que el esti&#xE9;rcol seco de borrego puede funcionar como material de cama para pavas.</subfield>
  </datafield>
  <datafield tag="650" ind1=" " ind2="4">
    <subfield code="a">Pavos</subfield>
    <subfield code="x">Manejo  </subfield>
    <subfield code="9">140876</subfield>
  </datafield>
  <datafield tag="650" ind1=" " ind2="4">
    <subfield code="a">Pavos</subfield>
    <subfield code="x">Engorda</subfield>
    <subfield code="9">86306</subfield>
  </datafield>
  <datafield tag="650" ind1=" " ind2="4">
    <subfield code="a">Pavos</subfield>
    <subfield code="x">Peso</subfield>
    <subfield code="9">86309</subfield>
  </datafield>
  <datafield tag="700" ind1="1" ind2=" ">
    <subfield code="a">L&#xF3;pez P&#xE9;rez, Elvia</subfield>
    <subfield code="9">68223</subfield>
    <subfield code="e">director.</subfield>
  </datafield>
  <datafield tag="700" ind1="1" ind2=" ">
    <subfield code="a">Gonz&#xE1;lez Santos, Jorge Antonio</subfield>
    <subfield code="9">191168</subfield>
    <subfield code="e">secretario.</subfield>
  </datafield>
  <datafield tag="700" ind1="1" ind2=" ">
    <subfield code="a">Alarc&#xF3;n Z&#xFA;&#xF1;iga, Baldomero</subfield>
    <subfield code="9">3378</subfield>
    <subfield code="e">vocal.</subfield>
  </datafield>
  <datafield tag="700" ind1="1" ind2=" ">
    <subfield code="a">Vel&#xE1;zquez Rodr&#xED;guez, Sergio Ra&#xFA;l</subfield>
    <subfield code="9">118620</subfield>
    <subfield code="e">suplente.</subfield>
  </datafield>
  <datafield tag="700" ind1="1" ind2=" ">
    <subfield code="a">Ruiz Flores, Agust&#xED;n</subfield>
    <subfield code="9">100671</subfield>
    <subfield code="e">suplente.</subfield>
  </datafield>
  <datafield tag="856" ind1=" " ind2=" ">
    <subfield code="z">DESCARGAR PDF</subfield>
    <subfield code="u">http://10.13.5.2/tesis/tl/1910958-9_GUTIERREZ_DEALMONTE_ESTEFANIA.pdf</subfield>
  </datafield>
  <datafield tag="942" ind1=" " ind2=" ">
    <subfield code="2">Clasificaci&#xF3;n Universidad Aut&#xF3;noma Chapingo</subfield>
    <subfield code="c">TD</subfield>
  </datafield>
  <datafield tag="999" ind1=" " ind2=" ">
    <subfield code="c">220894</subfield>
    <subfield code="d">220894</subfield>
  </datafield>
  <datafield tag="952" ind1=" " ind2=" ">
    <subfield code="0">0</subfield>
    <subfield code="1">0</subfield>
    <subfield code="2">local</subfield>
    <subfield code="4">0</subfield>
    <subfield code="7">0</subfield>
    <subfield code="8">TesDigL</subfield>
    <subfield code="a">BD</subfield>
    <subfield code="b">BD</subfield>
    <subfield code="c">E_L</subfield>
    <subfield code="d">2025-09-09</subfield>
    <subfield code="l">0</subfield>
    <subfield code="o">Tesis digital</subfield>
    <subfield code="r">2025-09-09 10:00:15</subfield>
    <subfield code="w">2025-09-09</subfield>
    <subfield code="y">TD</subfield>
  </datafield>
</record>
